[Event "Lansing (MOR/4/34)"]
[Site "?"]
[Date "1996.??.??"]
[Round "?"]
[White "Tobias, Philip"]
[Black "Yahkind, Andrew"]
[Result "1-0"]
[WhiteElo "1605"]
[BlackElo "1605"]
[PlyCount "79"]
[EventDate "1996.??.??"]

{4/(34)} 1. d4 Nf6 2. e3 g6 3. Nf3 Bg7 4. Nbd2 d6 5. b3 O-O 6. Bb2 Nc6 7. Qe2
Bd7 8. O-O-O d5 9. h3 a6 10. Ne5 Nxe5 11. dxe5 Ne8 12. f4 e6 13. h4 f6 14. h5
g5 15. g4 fxe5 16. h6 Bf6 17. fxe5 Be7 18. Qg2 Bc6 19. Rh2 d4 20. Qg3 Bc5 21.
Bxd4 Bxd4 22. exd4 Qxd4 23. Nb1 Qf4+ 24. Qxf4 Rxf4 25. Bc4 Kf7 26. Rf1 Rd8 27.
Rxf4+ gxf4 28. Bd3 Kg8 29. g5 Bb5 30. Kd2 c5 31. c4 Bc6 32. Kc2 b5 33. g6 hxg6
34. Bxg6 Kh8 35. Rf2 f3 36. Nd2 bxc4 37. Nxf3 cxb3+ 38. axb3 Bd5 39. Ng5 Nd6
40. exd6 1-0

[Event "Lansing (MOR/3/34)"]
[Site "?"]
[Date "1996.??.??"]
[Round "?"]
[White "Tobias, Philip"]
[Black "Sobh, Tarek"]
[Result "0-1"]
[WhiteElo "1605"]
[BlackElo "1605"]
[PlyCount "145"]
[EventDate "1996.??.??"]

{3/(34)} 1. d4 d5 2. e3 a6 3. Nf3 Nc6 4. Bd3 Bg4 5. Nbd2 e6 6. O-O Bd6 7. h3
Bh5 8. c3 f5 9. Qc2 Qf6 10. Ne1 Nge7 11. c4 Nb4 12. Qa4+ Nec6 13. c5 Be7 14.
Bb5 O-O 15. Bxc6 Nxc6 16. f4 Qg6 17. Nef3 a5 18. Ne5 Nxe5 19. fxe5 c6 20. Nf3
Qg3 21. Bd2 Qg6 22. Qb3 Rfb8 23. Be1 b5 24. cxb6 a4 25. Qc3 Rxb6 26. a3 Qe8 27.
h4 Rb3 28. Qd2 Rab8 29. Ra2 Qg6 30. Qf2 f4 31. Bc3 Bxf3 32. Qxf3 fxe3 33. Bb4
Bxb4 34. axb4 h6 35. Rxa4 Rxb2 36. Ra7 e2 37. Re1 R8xb4 38. Ra8+ Rb8 39. Rxb8+
Rxb8 40. Qxe2 Qe8 41. Ra1 Qe7 42. Qg4 Kh8 43. Rf1 Rg8 44. Qh5 Qa7 45. Rf6 Qxd4+
46. Kh1 Qa7 47. Rxe6 Qd7 48. Qg6 Rc8 49. Rd6 Qc7 50. Qg4 Rd8 51. Qg6 c5 52. Qe6
d4 53. Rxd8+ Qxd8 54. Qd6 Qxh4+ 55. Kg1 c4 56. e6 Kg8 57. Qb8+ Kh7 58. Qf8 Qe1+
59. Kh2 Qxe6 60. Qb8 d3 61. g3 c3 62. Qb5 Qe2+ 63. Kh3 Qf1+ 64. Kg4 c2 65. Qh5
Qd1+ 66. Kh4 Qxh5+ 67. Kxh5 c1=Q 68. Kh4 d2 69. g4 d1=Q 70. Kh3 Qg1 71. g5 Qc6
72. g6+ Kh8 73. Kh4 0-1

[Event "Lansing (MOR/6/33)"]
[Site "?"]
[Date "1996.??.??"]
[Round "?"]
[White "Tobias, Philip"]
[Black "Smalec, Joseph"]
[Result "1-0"]
[WhiteElo "1605"]
[BlackElo "1605"]
[PlyCount "51"]
[EventDate "1996.??.??"]

{6/(33)} 1. d4 d5 2. e3 c5 3. Nf3 Bg4 4. Nbd2 Nd7 5. c3 Ngf6 6. Bd3 c4 7. Bb1
e6 8. O-O Bd6 9. b3 cxb3 10. Qxb3 e5 11. Ba3 Qc7 12. Bxd6 Qxd6 13. e4 Bxf3 14.
Nxf3 dxe4 15. Ng5 O-O 16. Nxe4 Nxe4 17. Bxe4 Rab8 18. Qc2 g6 19. d5 Nf6 20.
Rfd1 Nxe4 21. Qxe4 Rbc8 22. Rac1 b5 23. Rc2 Rc4 24. Qe3 b4 25. Qe2 bxc3 26.
Qxc4 1-0

[Event "Lansing (MOR/7/40)"]
[Site "?"]
[Date "1996.??.??"]
[Round "?"]
[White "Tobias, D."]
[Black "Stark, A."]
[Result "1-0"]
[WhiteElo "1605"]
[BlackElo "1605"]
[PlyCount "79"]
[EventDate "1996.??.??"]

{7/(40)} 1. e4 e5 2. Nc3 Nf6 3. Nf3 Nc6 4. d3 Bb4 5. a3 Ba5 6. b4 Bb6 7. Nd5
Nxd5 8. exd5 Ne7 9. Nxe5 O-O 10. c4 Bd4 11. Ra2 Bxe5 12. d4 Bf6 13. g3 d6 14.
Bg2 Bf5 15. O-O b5 16. cxb5 Rb8 17. a4 a6 18. g4 Bg6 19. g5 Bxg5 20. Bxg5 h6
21. Bd2 axb5 22. axb5 Rxb5 23. Ra5 Rb6 24. Re1 Re8 25. Bf1 Nf5 26. Rxe8+ Qxe8
27. Qc1 Rb7 28. Qa1 Qb8 29. Ra8 Qxa8 30. Qxa8+ Kh7 31. Qxb7 c5 32. dxc5 dxc5
33. Bd3 cxb4 34. Bxb4 Nd4 35. Bxg6+ fxg6 36. Bc3 Nf3+ 37. Kg2 Nh4+ 38. Kh3 Nf5
39. d6 Nxd6 40. Qxg7# 1-0

[Event "Lansing (MOR/4/50)"]
[Site "?"]
[Date "1996.??.??"]
[Round "?"]
[White "Tobias, D."]
[Black "Sobh, Raed"]
[Result "0-1"]
[WhiteElo "1605"]
[BlackElo "1605"]
[PlyCount "77"]
[EventDate "1996.??.??"]

{4/(50)} 1. d3 d5 2. Nc3 e6 3. e4 Nf6 4. e5 Nfd7 5. Nf3 Bb4 6. Bg5 f6 7. exf6
gxf6 8. Bf4 e5 9. Bd2 Nc6 10. Nxd5 Bxd2+ 11. Nxd2 Nd4 12. Qh5+ Kf8 13. Qd1 c6
14. Nb4 Nc5 15. c3 Nf5 16. d4 Ne6 17. dxe5 c5 18. Nd3 c4 19. Nb4 a5 20. Nc2 b6
21. exf6 Qxf6 22. Ne4 Qd8 23. Qxd8+ Nxd8 24. Bxc4 Bb7 25. f3 Rc8 26. O-O-O Kg7
27. Na3 Ne3 28. Rd7+ Kf8 29. Rxb7 Nxb7 30. Re1 Nxc4 31. Nb5 Kg7 32. g4 Rhe8 33.
Na7 Rc7 34. b3 Ncd6 35. h4 Nxe4 36. fxe4 Rxc3+ 37. Kd2 Rg3 38. e5 Nc5 39. Nb5
0-1

[Event "Lansing (MOR/1a/28)"]
[Site "?"]
[Date "1996.??.??"]
[Round "?"]
[White "Tobias, D."]
[Black "Dolin, Jack"]
[Result "0-1"]
[WhiteElo "1605"]
[BlackElo "1605"]
[PlyCount "110"]
[EventDate "1996.??.??"]

1. d3 d5 2. e4 e6 3. exd5 exd5 4. Nc3 Nf6 5. Qf3 Be6 6. Bf4 Bb4 7. Be5 Nbd7 8.
d4 O-O 9. O-O-O Bxc3 10. Qxc3 Nxe5 11. dxe5 Ne4 12. Qe3 c5 13. Bd3 Qg5 14. f4
Qxg2 15. Nf3 Qf2 16. Rhe1 Qxe3+ 17. Rxe3 Nf2 18. Rd2 Nxd3+ 19. Rdxd3 Rfc8 20.
Ng5 c4 21. Rd2 Rc7 22. Nxe6 fxe6 23. Rf2 b5 24. f5 exf5 25. Rxf5 Rf7 26. Rxf7
Kxf7 27. e6+ Ke7 28. h4 Rf8 29. Re5 Rd8 30. Kd2 Rd6 31. Kc3 a5 32. b4 d4+ 33.
Kd2 axb4 34. Rxb5 Kxe6 35. Rxb4 c3+ 36. Kd3 Ke5 37. a4 Rd5 38. Rb3 h5 39. Ra3
Ra5 40. Kc4 g5 41. hxg5 Kf5 42. Kb4 Ra8 43. a5 h4 44. Kb5 Rb8+ 45. Kc6 d3 46.
Rxc3 Rc8+ 47. Kb7 Rxc3 48. cxd3 Rxd3 49. a6 Rb3+ 50. Ka7 h3 51. g6 Kxg6 52. Ka8
h2 53. Ka7 h1=R 54. Ka8 Rh7 55. a7 Rh8# 0-1

[Event "Lansing (MOR/2/49)"]
[Site "?"]
[Date "1996.??.??"]
[Round "?"]
[White "Tobias, D."]
[Black "DeBlasio, N."]
[Result "0-1"]
[WhiteElo "1605"]
[BlackElo "1605"]
[PlyCount "88"]
[EventDate "1996.??.??"]

{2/(49)} 1. d3 Nf6 2. Nc3 b6 3. e4 Nc6 4. Bf4 e5 5. Bg5 Be7 6. Bxf6 Bxf6 7. g3
Bb7 8. Bh3 g6 9. Nf3 O-O 10. O-O Re8 11. Nd5 Bg7 12. Qd2 Ne7 13. Nxe7+ Rxe7 14.
c3 d5 15. exd5 Qxd5 16. Bg2 c5 17. Nh4 e4 18. c4 Qd4 19. Qg5 f6 20. Qe3 Qxb2
21. dxe4 f5 22. Qg5 Rae8 23. exf5 Bxg2 24. Kxg2 Bf6 25. Qf4 Re4 26. Qf3 Re3 27.
Qd5+ Kh8 28. fxg6 hxg6 29. Nxg6+ Kg7 30. Qf5 Rg8 31. Kh1 Re2 32. Rae1 Rge8 33.
Rxe2 Rxe2 34. Nf4 Rd2 35. Qg6+ Kf8 36. Re1 Be5 37. Qh6+ Ke8 38. Ng6 Re2 39. Rd1
Bd4 40. Qf8+ Kd7 41. h4 Rxf2 42. Ne5+ Ke6 43. Qe8+ Kd6 44. Nd3 Rh2# 0-1

[Event "Lansing (MOR/6/40)"]
[Site "?"]
[Date "1996.??.??"]
[Round "?"]
[White "Tobias, B."]
[Black "Yahkind, Andrew"]
[Result "0-1"]
[WhiteElo "1605"]
[BlackElo "1605"]
[PlyCount "92"]
[EventDate "1996.??.??"]

{6/(40)} 1. e4 e5 2. Nf3 Nc6 3. c4 Nf6 4. d4 d6 5. dxe5 dxe5 6. Qxd8+ Nxd8 7.
Nxe5 Nxe4 8. f3 Nd6 9. Nc3 f6 10. Nd5 Ne6 11. c5 fxe5 12. cxd6 Bxd6 13. g4 c6
14. Nc3 O-O 15. Ne4 Bb4+ 16. Bd2 Bxd2+ 17. Nxd2 Nd4 18. Rc1 Nxf3+ 19. Nxf3 Rxf3
20. Rc5 e4 21. Bc4+ Kf8 22. Rf1 Bxg4 23. Re5 Re8 24. Rxe8+ Kxe8 25. Be2 Rxf1+
26. Bxf1 Ke7 27. Bg2 Bf5 28. Ke2 Ke6 29. Ke3 Ke5 30. b4 h5 31. Bf1 Be6 32. a3
g5 33. Be2 h4 34. Kf2 Kf4 35. a4 e3+ 36. Ke1 b6 37. b5 c5 38. h3 Bxh3 39. a5
bxa5 40. b6 axb6 41. Bd3 a4 42. Bc4 a3 43. Bd5 b5 44. Bg2 Bxg2 45. Ke2 h3 46.
Kd3 h2 0-1

[Event "Lansing (MOR/1a/26)"]
[Site "?"]
[Date "1996.??.??"]
[Round "?"]
[White "Tobias, B."]
[Black "Vorhauer, Sam"]
[Result "0-1"]
[WhiteElo "1605"]
[BlackElo "1605"]
[PlyCount "94"]
[EventDate "1996.??.??"]

1. e4 e5 2. d4 exd4 3. Qxd4 Nc6 4. Qc4 d6 5. Qd5 Be6 6. Qg5 Qxg5 7. Bxg5 Be7 8.
f4 Bxg5 9. fxg5 Nge7 10. Nf3 O-O-O 11. Nc3 Ne5 12. Nxe5 dxe5 13. Rd1 Rxd1+ 14.
Kxd1 f6 15. gxf6 gxf6 16. a4 Nc6 17. Nd5 Rd8 18. Bc4 Ne7 19. Rf1 Bxd5 20. exd5
Nxd5 21. Bxd5 Rxd5+ 22. Kc1 Rd6 23. g4 Kd7 24. h4 e4 25. g5 Ke7 26. c4 c5 27.
Re1 Re6 28. a5 e3 29. Kd1 Re5 30. g6 hxg6 31. Rg1 Kf7 32. Ke1 f5 33. Rg5 Kf6
34. b3 f4 35. Rxe5 Kxe5 36. Ke2 Ke4 37. a6 b6 38. h5 gxh5 39. b4 cxb4 40. c5
bxc5 41. Kf1 f3 42. Ke1 b3 43. Kd1 b2 44. Kc2 e2 45. Kxb2 f2 46. Kb3 e1=Q 47.
Kc4 Qb4# 0-1

[Event "Lansing (MOR/5/47)"]
[Site "?"]
[Date "1996.??.??"]
[Round "?"]
[White "Tobias, B."]
[Black "Feguer, Mike"]
[Result "0-1"]
[WhiteElo "1605"]
[BlackElo "1605"]
[PlyCount "110"]
[EventDate "1996.??.??"]

{5/(47)} 1. e4 e5 2. Nc3 Nf6 3. Nf3 Nc6 4. d4 exd4 5. Nxd4 Nxd4 6. Qxd4 b6 7.
e5 Bc5 8. Qd1 Ng8 9. Be3 Bxe3 10. fxe3 Qg5 11. Qf3 c6 12. h4 Qe7 13. a4 d6 14.
Qxc6+ Qd7 15. Qxa8 Ne7 16. Qf3 O-O 17. Qg3 Nf5 18. Qg4 Qc6 19. h5 Nxe3 20. Qg3
Nxc2+ 21. Kd1 Nxa1 22. h6 g6 23. exd6 Rd8 24. Ne4 Qxe4 25. Bd3 Qxa4+ 26. Kc1
Nb3+ 27. Kd1 Qa1+ 28. Kc2 Nd4+ 29. Kd2 Qxh1 30. Bc4 Qxh6+ 31. Kd3 Nf5 32. Qe5
Rxd6+ 33. Kc3 Qd2+ 34. Kb3 Nd4+ 35. Ka3 Nc2+ 36. Ka2 Nb4+ 37. Kb3 Be6 38. Bxe6
Rxe6 39. Qb8+ Kg7 40. Qxa7 Qc2+ 41. Kxb4 Qxb2+ 42. Kc4 Qxg2 43. Kb5 Re5+ 44.
Kxb6 Qf2+ 45. Ka6 Qxa7+ 46. Kxa7 Rb5 47. Ka6 Rb1 48. Ka5 Kf6 49. Ka4 Ke5 50.
Ka5 Kd5 51. Ka4 Kc4 52. Ka3 Kc3 53. Ka4 Kc4 54. Ka3 Rb8 55. Ka2 Kc3 0-1

[Event "Eastpointe (EDO/5/13)"]
[Site "?"]
[Date "1996.??.??"]
[Round "?"]
[White "Thurman, John"]
[Black "Wozniak, J."]
[Result "1-0"]
[WhiteElo "1730"]
[BlackElo "1605"]
[PlyCount "51"]
[EventDate "1996.??.??"]

{5/(13)} 1. d4 Nf6 2. c4 g6 3. Nc3 Bg7 4. e4 d6 5. f3 O-O 6. Be3 e5 7. d5 Qe7
8. Qd2 Bd7 9. Bd3 Ne8 10. g4 f5 11. gxf5 gxf5 12. Nge2 fxe4 13. Bxe4 Bf5 14.
O-O-O Bxe4 15. fxe4 c6 16. Ng3 Bf6 17. Nf5 Qd7 18. Bh6 Ng7 19. Rhg1 Rf7 20.
dxc6 bxc6 21. Nxd6 Re7 22. Qg2 Qc7 23. Nf5 Rf7 24. Bxg7 Bxg7 25. Nxg7 Rxg7 26.
Rd8+ 1-0

[Event "Lansing (MI Op/4/31)"]
[Site "?"]
[Date "1996.??.??"]
[Round "?"]
[White "Thurman, John"]
[Black "Smith, Mike A"]
[Result "0-1"]
[WhiteElo "1730"]
[BlackElo "1950"]
[PlyCount "90"]
[EventDate "1996.??.??"]

{4/(31)} 1. d4 Nf6 2. c4 c5 3. d5 b5 4. cxb5 a6 5. bxa6 g6 6. e3 Bg7 7. Nc3
Bxa6 8. Bxa6 Nxa6 9. Nf3 O-O 10. O-O d6 11. Qe2 Qb6 12. Nd2 Nb4 13. Nc4 Qb7 14.
e4 Nd7 15. f4 Nb6 16. Bd2 Nc2 17. Rab1 Nxc4 18. Qxc4 Rfb8 19. Rfc1 Bd4+ 20. Kh1
Ne3 21. Qe2 Qa6 22. Qxa6 Rxa6 23. Bxe3 Bxe3 24. Rf1 Bd4 25. h3 Ra7 26. Rfc1 Kg7
27. Kh2 f6 28. Kg3 Bxc3 29. bxc3 Rxb1 30. Rxb1 Rxa2 31. Rb3 Rc2 32. Kf3 f5 33.
e5 c4 34. Ra3 Rd2 35. exd6 exd6 36. Ra7+ Kf6 37. Rc7 Rd3+ 38. Ke2 Rxc3 39. Rd7
Rc2+ 40. Kf3 c3 41. Rxd6+ Ke7 42. Rc6 Kd7 43. g3 Rc1 44. h4 c2 45. Kf2 Rh1 0-1

[Event "Lansing (MI Op/6/28)"]
[Site "?"]
[Date "1996.??.??"]
[Round "?"]
[White "Thurman, John"]
[Black "McCarter, Robert"]
[Result "1-0"]
[WhiteElo "1730"]
[BlackElo "1775"]
[PlyCount "59"]
[EventDate "1996.??.??"]

{6/(28)} 1. d4 Nf6 2. c4 e6 3. Nc3 Bb4 4. Nf3 c5 5. d5 Qa5 6. Bd2 exd5 7. cxd5
d6 8. e4 O-O 9. Bd3 Bg4 10. O-O Nbd7 11. a3 Bxc3 12. Bxc3 Qd8 13. Qc2 Bxf3 14.
gxf3 Re8 15. Kh1 Nh5 16. Qd2 Ne5 17. Bxe5 dxe5 18. Rg1 Qd6 19. Qg5 g6 20. Qxh5
Kh8 21. Qg5 Rg8 22. Rg4 f6 23. Qh6 Rg7 24. Rag1 Rag8 25. h4 Qe7 26. Qc1 h5 27.
R4g2 f5 28. exf5 gxf5 29. Qh6+ Rh7 30. Rxg8# 1-0

[Event "Eastpointe (EDO/2/7)"]
[Site "?"]
[Date "1996.??.??"]
[Round "?"]
[White "Thurman, John"]
[Black "Hater, David"]
[Result "0-1"]
[WhiteElo "1730"]
[BlackElo "1955"]
[PlyCount "88"]
[EventDate "1996.??.??"]

{2/(7)} 1. d4 Nf6 2. c4 g6 3. Nc3 d5 4. Nf3 Bg7 5. Qb3 dxc4 6. Qxc4 Nfd7 7. e4
Nb6 8. Qb3 O-O 9. Be3 Nc6 10. Rd1 Bg4 11. Be2 Bxf3 12. Bxf3 Nxd4 13. Bxd4 Bxd4
14. e5 Bxc3+ 15. bxc3 Qc8 16. O-O c6 17. a4 Qe6 18. Qxe6 fxe6 19. Rd4 Rfd8 20.
Rfd1 Rxd4 21. Rxd4 Kf7 22. a5 Nd5 23. c4 Nc7 24. Kf1 Na6 25. Rf4+ Kg7 26. Rd4
Nc5 27. Ke2 Rc8 28. Ke3 Rc7 29. Bd1 Rd7 30. Rxd7 Nxd7 31. Kd4 c5+ 32. Ke4 Kf7
33. f4 Nb8 34. Ba4 Na6 35. g4 Nb4 36. Bd7 Na2 37. Kd3 Nc1+ 38. Kd2 Nb3+ 39. Kc3
Nxa5 40. f5 exf5 41. gxf5 gxf5 42. Bxf5 h6 43. Bd7 Kg6 44. Bc8 Kg5 0-1

[Event "Lansing (MI Op/1b/15)"]
[Site "?"]
[Date "1996.??.??"]
[Round "?"]
[White "Thurman, John"]
[Black "Hater, David"]
[Result "1/2-1/2"]
[WhiteElo "1730"]
[BlackElo "1970"]
[PlyCount "72"]
[EventDate "1996.??.??"]

1. d4 Nf6 2. c4 g6 3. Nc3 d5 4. Nf3 Bg7 5. cxd5 Nxd5 6. Qb3 Nxc3 7. bxc3 O-O 8.
e4 c5 9. Be3 cxd4 10. Bxd4 Nc6 11. Bxg7 Kxg7 12. Rd1 Qa5 13. Bb5 Be6 14. Bc4
Bxc4 15. Qxc4 Rac8 16. Rd5 Qa3 17. Qb3 Qa6 18. c4 Kg8 19. O-O e6 20. Rd2 Na5
21. Qb5 Rxc4 22. Qxa6 bxa6 23. Rd7 Nc6 24. Rc7 Ne5 25. Rxa7 Nxf3+ 26. gxf3 Ra4
27. Rd1 Rxa2 28. Rd6 Rc8 29. Rdxa6 Rxa6 30. Rxa6 Kg7 31. Kg2 Kh6 32. Ra7 f5 33.
Re7 Rc6 34. h4 Rb6 35. Kg3 fxe4 36. fxe4 Rc6 1/2-1/2

[Event "Lansing (MI Op/7/23)"]
[Site "?"]
[Date "1996.??.??"]
[Round "?"]
[White "Thurman, John"]
[Black "Brumley, Ron"]
[Result "0-1"]
[WhiteElo "1730"]
[BlackElo "1605"]
[PlyCount "38"]
[EventDate "1996.??.??"]

{7/(23)} 1. d4 Nf6 2. c4 e6 3. Nc3 Bb4 4. Nf3 c5 5. e3 O-O 6. a3 Ba5 7. Bd2
Bxc3 8. Bxc3 cxd4 9. Bxd4 Nc6 10. Bc3 d5 11. Qc2 b6 12. cxd5 Nxd5 13. Rd1 Qc7
14. Bb5 Na5 15. Qe4 Nxc3 16. Qxa8 Nxd1 17. Kxd1 Bb7 18. Qxa7 Bxf3+ 19. gxf3
Qxa7 0-1

[Event "Detroit (Class DE/2/2)"]
[Site "?"]
[Date "1996.??.??"]
[Round "?"]
[White "Threloff, N."]
[Black "Zuniga, Jesus"]
[Result "1/2-1/2"]
[WhiteElo "1605"]
[BlackElo "1605"]
[PlyCount "150"]
[EventDate "1996.??.??"]

{2/(2)} 1. e4 e6 2. d4 d5 3. exd5 exd5 4. Nc3 Bb4 5. Bd2 Bxc3 6. Bxc3 Nf6 7.
Nf3 O-O 8. Bd3 Re8+ 9. Ne5 Nbd7 10. O-O Nxe5 11. dxe5 Ng4 12. h3 Nxe5 13. Bxe5
Rxe5 14. Qf3 c6 15. c4 Be6 16. Rad1 Qg5 17. b3 dxc4 18. Bxc4 Bxc4 19. bxc4 Rd8
20. Qg3 Rxd1 21. Rxd1 g6 22. Qxg5 Rxg5 23. Rd7 b5 24. cxb5 Rxb5 25. Rxa7 c5 26.
a4 Rb4 27. Rc7 Rxa4 28. Rxc5 Kg7 29. g4 h6 30. Kg2 Rf4 31. Kg3 g5 32. Ra5 Kg6
33. Rd5 h5 34. Ra5 h4+ 35. Kg2 Rc4 36. Rf5 Rc3 37. Kh2 Rc6 38. Kg2 Rf6 39. Rc5
Re6 40. Rf5 f6 41. Rc5 Rd6 42. Rf5 Kf7 43. Kf3 Rd3+ 44. Kg2 Ke6 45. Rb5 Rd5 46.
Rb4 Ke5 47. Kf3 Rd3+ 48. Kg2 Rd4 49. Rb5+ Rd5 50. Rb4 f5 51. gxf5 Kxf5 52. Rg4
Rd2 53. Kf3 Rd3+ 54. Kg2 Rb3 55. f4 Rb2+ 56. Kg1 Rb4 57. Rxg5+ Kf6 58. Rg4 Kf5
59. Rxh4 Rxf4 60. Rxf4+ Kxf4 61. Kg2 Kf5 62. Kf3 Kg5 63. Kg3 Kh5 64. h4 Kh6 65.
Kg4 Kg6 66. Kf4 Kh5 67. Kg3 Kh6 68. Kh3 Kh5 69. Kg3 Kh6 70. Kg4 Kg6 71. h5+ Kh6
72. Kh4 Kh7 73. Kg5 Kg7 74. Kf5 Kh6 75. Kg4 Kh7 1/2-1/2

[Event "Detroit (Class DE/3/5)"]
[Site "?"]
[Date "1996.??.??"]
[Round "?"]
[White "Threloff, N."]
[Black "Vangilder, W."]
[Result "0-1"]
[WhiteElo "1605"]
[BlackElo "1605"]
[PlyCount "88"]
[EventDate "1996.??.??"]

{3/(5)} 1. e4 Nc6 2. f4 d6 3. Bb5 Nf6 4. Bxc6+ bxc6 5. Nc3 Bg4 6. Nf3 e6 7. O-O
d5 8. d3 dxe4 9. dxe4 Qxd1 10. Rxd1 Bxf3 11. gxf3 Bc5+ 12. Kg2 O-O 13. Bd2 Rfd8
14. Be1 Be3 15. Ne2 Nh5 16. Bg3 Rab8 17. f5 Nxg3 18. hxg3 exf5 19. exf5 c5 20.
Nc3 Bd4 21. g4 h6 22. Na4 Be3 23. b3 Kf8 24. Nb2 Bd4 25. Rab1 Re8 26. Nd3 Re2+
27. Kf1 Rxc2 28. a4 Re8 29. Re1 Rxe1+ 30. Rxe1 Rc3 31. Rd1 Rxb3 32. Ke2 Ra3 33.
Nf4 Re3+ 34. Kd2 Rxf3 35. Nd5 c6 36. Nc7 Ra3 37. Re1 Bc3+ 38. Kd1 Bxe1 39. Kxe1
Rxa4 40. Kd2 Rxg4 41. Kc3 h5 42. Kb3 Rd4 43. Na6 Rd5 44. Kc4 h4 0-1

[Event "Detroit (Class DE/5/7)"]
[Site "?"]
[Date "1996.??.??"]
[Round "?"]
[White "Threloff, N."]
[Black "Belill, Nathan"]
[Result "1-0"]
[WhiteElo "1605"]
[BlackElo "1605"]
[PlyCount "87"]
[EventDate "1996.??.??"]

{5/(7)} 1. e4 e5 2. Nf3 Nc6 3. Bb5 a6 4. Ba4 Nf6 5. O-O b5 6. Bb3 Be7 7. Re1
O-O 8. c3 d6 9. h3 Be6 10. Bc2 Qd7 11. Ng5 Bc4 12. d3 Be6 13. Nxe6 fxe6 14. Nd2
Rf7 15. Nf3 h6 16. Be3 b4 17. Ba4 bxc3 18. bxc3 Rb8 19. Qc2 Nh5 20. d4 exd4 21.
cxd4 Nb4 22. Bxd7 Nxc2 23. Bxe6 Nxa1 24. Rxa1 Rb2 25. e5 Kf8 26. Bxf7 Kxf7 27.
g4 dxe5 28. dxe5 c5 29. gxh5 c4 30. Rc1 Rxa2 31. Rxc4 a5 32. Rc7 a4 33. Bc5
Ra1+ 34. Kg2 a3 35. Rxe7+ Kg8 36. Ra7 a2 37. e6 Rc1 38. Bd4 a1=Q 39. Rxa1 Rc8
40. e7 Kf7 41. Ne5+ Ke8 42. Ng6 Rc4 43. Ra8+ Kf7 44. e8=Q# 1-0

[Event "Kalamazoo (Mini-Swiss.1/1)"]
[Site "?"]
[Date "1996.??.??"]
[Round "?"]
[White "Thornton, Rome"]
[Black "Williams, Ken"]
[Result "0-1"]
[WhiteElo "1630"]
[BlackElo "1900"]
[PlyCount "36"]
[EventDate "1996.??.??"]

{1/(1)} 1. e4 c5 2. f4 d5 3. e5 Nc6 4. Nf3 Bg4 5. c3 e6 6. Bb5 a6 7. Bxc6+ bxc6
8. d4 Nh6 9. O-O Nf5 10. h3 Bxf3 11. Rxf3 h5 12. Na3 Qb6 13. Nc2 c4 14. Rb1 a5
15. a3 a4 16. Qe1 h4 17. Ne3 Nxe3 18. Bxe3 g6 {[Remainder illegible; 0-1, 40?]}
0-1

[Event "Kalamazoo (Mini-Swiss.2/1)"]
[Site "?"]
[Date "1996.??.??"]
[Round "?"]
[White "Thornton, Rome"]
[Black "Pulsipher, D."]
[Result "1-0"]
[WhiteElo "1630"]
[BlackElo "1735"]
[PlyCount "80"]
[EventDate "1996.??.??"]

{2/(1)} 1. e4 c5 2. f4 Nc6 3. Nf3 d6 4. Bc4 e6 5. O-O Nf6 6. Nc3 Be7 7. Kh1 O-O
8. a4 Bd7 9. d4 cxd4 10. Nxd4 Qb6 11. Ndb5 Na5 12. Be2 a6 13. Nd4 Rac8 14. Ra2
Nc4 15. b3 Na5 16. Qd3 Nc6 17. Nxc6 Qxc6 18. Bd2 Qc7 19. Qg3 Bc6 20. Bd3 Rfd8
21. f5 e5 22. Bh6 Bf8 23. Bg5 Be7 24. Bh6 Ne8 25. f6 Bf8 26. fxg7 Nxg7 27. Bc4
Rd7 28. Nd5 Bxd5 29. Bxd5 Kh8 30. c4 Ne6 31. Bxe6 fxe6 32. Rxf8+ Rxf8 33. Bxf8
Rf7 34. Rf2 Rd7 35. Qg5 Qa5 36. Qf6+ Kg8 37. Qxe6+ Kh8 38. Qf6+ Kg8 39. h3 Qe1+
40. Kh2 Qe3 {[Remainder illegible; 1-0, 46?]} 1-0

[Event "Kalamazoo (Mini-Swiss.1/3)"]
[Site "?"]
[Date "1996.??.??"]
[Round "?"]
[White "Thornton, Rome"]
[Black "Moore, Robert"]
[Result "1-0"]
[WhiteElo "1630"]
[BlackElo "1720"]
[PlyCount "97"]
[EventDate "1996.??.??"]

{1/(3)} 1. e4 c5 2. f4 d6 3. Nf3 Nf6 4. Nc3 g6 5. Bc4 e6 6. O-O Bg7 7. Kh1 O-O
8. d4 cxd4 9. Nxd4 Nc6 10. Ndb5 Nxe4 11. Nxe4 d5 12. Bxd5 exd5 13. Ng3 a6 14.
Nc3 Be6 15. f5 Bxc3 16. bxc3 Bc8 17. f6 Ne5 18. Qd2 Ng4 19. Qf4 Re8 20. h3 Nxf6
21. Qxf6 Qxf6 22. Rxf6 Kg7 23. Rf1 Be6 24. Be3 Rac8 25. Bd4+ Kg8 26. Rf6 Rc6
27. Raf1 b5 28. a3 a5 29. Ne2 Rc7 30. Bb6 Rce7 31. Bxa5 Bxh3 32. Nf4 Be6 33.
Bb4 Rc7 34. Nxe6 fxe6 35. Rf8+ Rxf8 36. Rxf8+ Kg7 37. Rf2 Rf7 38. Re2 Rf1+ 39.
Kh2 Kf6 40. Bc5 h5 41. g3 Rf3 42. Bd4+ Ke7 43. Kg2 Rf7 44. Re1 Kd7 45. Ra1 Rf8
46. a4 Ra8 47. a5 Kd6 48. a6 e5 49. Bf2 1-0

[Event "Detroit (MI Women/4/8)"]
[Site "?"]
[Date "1996.??.??"]
[Round "?"]
[White "Thompson, Shereece"]
[Black "Shettlewood, Jeni"]
[Result "0-1"]
[WhiteElo "1605"]
[BlackElo "1605"]
[PlyCount "102"]
[EventDate "1996.??.??"]

{4/(8)} 1. e4 Nf6 2. Nc3 e5 3. Nf3 Nc6 4. Bc4 Bc5 5. O-O O-O 6. d3 d6 7. Be3
Bg4 8. d4 exd4 9. Nxd4 Bxd1 10. Rfxd1 Qd7 11. Nxc6 bxc6 12. e5 Bxe3 13. fxe3
Rfe8 14. exf6 gxf6 15. Rf1 Qg4 16. Rf3 Re5 17. Rg3 Rg5 18. Rxg4 Rxg4 19. h3 Rg5
20. Ne4 Re5 21. Nxf6+ Kf8 22. Nxh7+ Kg7 23. Ng5 Rxg5 24. Re1 d5 25. Be2 Re8 26.
Bg4 Rge5 27. Bd7 R8e7 28. Bxc6 Rxe3 29. Rxe3 Rxe3 30. Bxd5 Re2 31. Bb3 Re1+ 32.
Kh2 Rb1 33. Bd5 Rxb2 34. g4 Rxc2+ 35. Kg3 Rc3+ 36. Kh4 c5 37. Kh5 Rxh3+ 38. Kg5
Rc3 39. Kf5 c4 40. Be4 Re3 41. a4 Re2 42. Bd5 Rf2+ 43. Ke4 c3 44. Bb3 Re2+ 45.
Kd5 Rb2 46. Kc4 c2 47. Bxc2 Rxc2+ 48. Kb3 Rg2 49. Kb4 Rxg4+ 50. Kb5 Rg6 51. Ka5
Rb6 0-1

[Event "Detroit (MI Women/2/8)"]
[Site "?"]
[Date "1996.??.??"]
[Round "?"]
[White "Thompson, Shereece"]
[Black "Gorman, A."]
[Result "0-1"]
[WhiteElo "1605"]
[BlackElo "1605"]
[PlyCount "40"]
[EventDate "1996.??.??"]

{2/(8)} 1. e4 e6 2. Nf3 Be7 3. Nc3 Nf6 4. Bc4 d5 5. exd5 exd5 6. Nxd5 Nxd5 7.
O-O c6 8. d3 Bd6 9. Bg5 Qd7 10. Qe1+ Ne7 11. Ne5 Qf5 12. Bd2 f6 13. Nf3 Qh5 14.
d4 Bg4 15. h3 Bxf3 16. gxf3 Qg6+ 17. Kh1 Qh5 18. f4 Qxh3+ 19. Kg1 g5 20. fxg5
Qh2# 0-1

[Event "Lansing (MI Op/3/2)"]
[Site "?"]
[Date "1996.??.??"]
[Round "?"]
[White "Thompson, Dexter"]
[Black "Zaremba, Andrei"]
[Result "1/2-1/2"]
[WhiteElo "2290"]
[BlackElo "2175"]
[PlyCount "120"]
[EventDate "1996.??.??"]

{3/(2)} 1. e4 c5 2. d4 cxd4 3. c3 dxc3 4. Nxc3 e6 5. Bc4 Nc6 6. Nf3 d6 7. O-O
Be7 8. Qe2 a6 9. Rd1 Bd7 10. a3 h6 11. Bf4 e5 12. Be3 Nf6 13. b4 O-O 14. h3 b5
15. Bb3 Rc8 16. Rac1 Be6 17. Bxe6 fxe6 18. Qa2 Qd7 19. Rd3 Rfd8 20. Rcd1 Kf7
21. Bb6 Rf8 22. Nh4 Qb7 23. Be3 Nd4 24. f3 Rxc3 25. Rxc3 Nxe4 26. fxe4 Bxh4 27.
Bxd4 exd4 28. Rf3+ Bf6 29. Rxd4 Qb6 30. Qf2 Ke7 31. Rdd3 Qxf2+ 32. Kxf2 Rc8 33.
Rd2 Rc4 34. Rfd3 Be5 35. Kf3 g5 36. Re2 h5 37. Rb3 Kd7 38. Ra2 Kc6 39. a4 bxa4
40. Rxa4 Kb7 41. Ra5 Rc2 42. b5 g4+ 43. Ke3 axb5 44. Rbxb5+ Kc6 45. Rxe5 dxe5
46. Rxe5 Rxg2 47. h4 Rh2 48. Rxh5 e5 49. Rh8 Kd6 50. h5 Ke7 51. h6 Kf7 52. h7
Rh3+ 53. Kf2 Rf3+ 54. Kg1 Kg7 55. Rg8+ Kxh7 56. Rxg4 Rf4 57. Rxf4 exf4 58. Kf2
Kg6 59. Kf3 Kf6 60. Kf2 Ke6 1/2-1/2

[Event "Howell (MI Inv/3)"]
[Site "?"]
[Date "1996.??.??"]
[Round "?"]
[White "Thompson, Dexter"]
[Black "Strugach, L."]
[Result "1-0"]
[WhiteElo "2325"]
[BlackElo "2345"]
[PlyCount "61"]
[EventDate "1996.??.??"]

1. e4 c6 2. Nc3 d5 3. Nf3 Bg4 4. h3 Bxf3 5. Qxf3 d4 6. Bc4 e6 7. Ne2 c5 8. d3
Nc6 9. Bf4 Nf6 10. g4 Bd6 11. g5 Bxf4 12. gxf6 g5 13. Nxf4 Qxf6 14. Qh5 gxf4
15. Qxc5 Qe5 16. Qa3 Qa5+ 17. Qxa5 Nxa5 18. Rg1 Ke7 19. Ke2 Rac8 20. b3 Nc6 21.
Kf3 Ne5+ 22. Kxf4 Kd6 23. Rg5 f6 24. Rg7 Rhg8 25. Rag1 Rxg7 26. Rxg7 b5 27.
Bxb5 Rxc2 28. Kg3 Rd2 29. Rxa7 Nxd3 30. f4 Ne1 31. b4 1-0